| 000 | 01182nam a2200325 i 4500 | ||
|---|---|---|---|
| 001 | bg | ||
| 003 | BPK | ||
| 005 | 20200814105738.0 | ||
| 008 | 080702s2007 pl a f |001 0 pol | ||
| 015 | _aPB 2009/46 | ||
| 020 | _a9788301145132 | ||
| 040 |
_aWA N _cBPK |
||
| 041 | 1 |
_apol _heng |
|
| 080 | _a316.77 | ||
| 080 | _a316.47 | ||
| 080 | _a(075.8) | ||
| 245 | 0 | 0 |
_aMosty zamiast murów : _bpodręcznik komunikacji interpersonalnej / _cred. nauk. John Stewart ; [tł. Jacek Suchecki et al.]. |
| 246 | 1 |
_iTyt. oryg. : _aBridges not walls : _ba book about interpersonal communication, _f1995. |
|
| 250 | _aWyd. 4, 1 dodr. | ||
| 260 |
_aWarszawa : _bWydawnictwo Naukowe PWN, _c2007. |
||
| 300 |
_a615, [1] s. : _bil. ; _c24 cm. |
||
| 504 | _aBibliogr. przy pracach. Indeksy. | ||
| 655 | 4 | _aPodręczniki akademickie | |
| 650 | 4 | _aKomunikacja interpersonalna | |
| 700 | 1 |
_aStewart, John Robert _d(1941- ). _eRed. |
|
| 710 | 2 |
_aWydawnictwo Naukowe PWN _4pbl. |
|
| 700 | 1 |
_aSuchecki, Jacek _d(1950- ) _eTłumaczenie |
|
| 856 |
_uhttp://koha.tu.koszalin.pl/cgi-bin/koha/opac-detail.pl?biblionumber=53962 _yKatalog online BPK |
||
| 942 |
_2UKD _cKS |
||
| 999 |
_c53962 _d53962 |
||